00670nam a22001937a 4500003000200000005001700002008004100019020001800060050002300078100002600101245008800127260005100215300003300266504005100299650001800350650003700368650003200405650003900437020241011133149.0241011b xxu||||| |||| 00| 0 eng d a9781350137622 aPN 1995b.B47 2023 aBerry, Jess,eauthor. aCinematic style :bfashion, architecture and interior design on film /cJess Berry. aNew York, NY :bBloomsbury Visual Arts,c2022. axi, 212 p. :bill. ;c24 cm. aIncludes bibliographical references and index. aArchitecture. aArchitecture in motion pictures. aFashion in motion pictures. aInterior decoration in mass media.